000 00565nam a22001817a 4500
005 20170804152347.0
010 _aENG-119530
020 _c125.00
_a9788184655421
035 _aEN-103062
037 _bDBAD/PUB
082 _a280.23
100 _aPanmei,Daisok
245 _aNew law in Christ /
_cby Daisok Panmei
260 _aDelhi
_bThe Indian Society for Promoting Christian Knowlewdge(ISPCK))
_c2016
270 _a1585,1654 Madarsa Road Kashmere Gate
_bDelhi
_e110006
300 _axviii,105p.
_c23cm(pbk)
942 _2ddc
_cEN
_mPAN
_h280.23
999 _c143084
_d143084